Un révolté du grand siècle, Henry de Boulainviller ; avec un portrait, un autographe, un horoscope et quatre traités inédits /

Bibliographic Details
Main Author: Simon, Renée
Format: Book
Language:French
Published: Garches (S.-et-O.) : Éditions du Nouvel humanisme, 1948.
Subjects:

MARC

Tag First Indicator Second Indicator Subfields
LEADER 00000cam a22000005 4500
001 in00003437310
005 20151206103031.0
008 870518s1948 fr ac b 00000 fre d
035 |a (OCoLC)ocm15707938 
040 |a AUM  |c AUM  |d TNY  |d UtOrBLW 
090 |a DC36.98.B58  |b S53 
100 1 |a Simon, Renée. 
245 1 3 |a Un révolté du grand siècle, Henry de Boulainviller ;  |b avec un portrait, un autographe, un horoscope et quatre traités inédits /  |c Préf. de Henri Gouhier. 
264 1 |a Garches (S.-et-O.) :  |b Éditions du Nouvel humanisme,  |c 1948. 
300 |a viii, 206 pages :  |b illustrations, portraits ;  |c 23 cm. 
336 |a text  |b txt  |2 rdacontent 
337 |a unmediated  |b n  |2 rdamedia 
338 |a volume  |b nc  |2 rdacarrier 
504 |a Includes bibliography. 
600 1 0 |a Boulainvillers, Henri,  |c comte de,  |d 1658-1722. 
999 |a MARS 
999 f f |s 74553b69-c475-3ef2-aca0-39a111da5c1a  |i 45205c07-9d00-369e-921a-ae8b0d1e2211  |t 0 
952 f f |p ric  |a Texas A&M University  |b Rellis Campus  |c Joint Library Facility  |d Remote Storage  |t 0  |e DC36.98.B58 S53  |h Library of Congress classification  |i unmediated -- volume  |m 32060001004635 
998 f f |a DC36.98.B58 S53  |t 0  |l Remote Storage